| 000 | 01316pam a2200313 a 4500 | ||
|---|---|---|---|
| 999 |
_c129334 _d129334 |
||
| 001 | 4417169 | ||
| 003 | ARRUPE | ||
| 005 | 20190401093249.0 | ||
| 008 | 931124s1994 enka b 001 0 eng | ||
| 010 | _a 93045993 | ||
| 020 | _a0521452562 (hardback) | ||
| 020 | _a0521458900 (paperback) | ||
| 040 |
_aDLC _cDLC _dDLC |
||
| 050 | 0 | 0 |
_aGN298 _b.E43 1994 |
| 082 | 0 | 0 |
_a306.4/61 _220 |
| 245 | 0 | 0 |
_aEmbodiment and experience : _bthe existential ground of culture and self / _cedited by Thomas J. Csordas. |
| 260 |
_aCambridge ; _aNew York : _bCambridge University Press, _c1994. |
||
| 300 |
_axi, 294 p. : _bill. ; _c23 cm. |
||
| 440 | 0 |
_aCambridge studies in medical anthropology ; _v2 _945632 |
|
| 504 | _aIncludes bibliographical references and index. | ||
| 650 | 0 |
_aHuman body _xSocial aspects. _914366 |
|
| 650 | 0 |
_aHuman body _xSymbolic aspects. _945633 |
|
| 650 | 0 |
_aMedical anthropology. _914367 |
|
| 700 | 1 |
_aCsordas, Thomas J. _945634 |
|
| 856 | 4 | 2 |
_3Publisher description _uhttp://www.loc.gov/catdir/description/cam026/93045993.html |
| 856 | 4 | 1 |
_3Table of contents _uhttp://www.loc.gov/catdir/toc/cam022/93045993.html |
| 906 |
_a7 _bcbc _corignew _d1 _eocip _f19 _gy-gencatlg |
||
| 942 |
_2lcc _cMONOGRAPH |
||